[Event "FICGS rapid B 000037 email"]
[Site "FICGS email"]
[Date "2007.02.15"]
[Round "1"]
[White "Menzies, Colin"]
[Black "Werbickas, Brian"]
[Result "1-0"]
[WhiteElo "1567"]
[BlackElo "1700"]
[PlyCount "27"]
[EventDate "2007.??.??"]
[EventType "tourn (rapid)"]
[EventRounds "6"]
[SourceTitle "Corr 2022"]
[Source "ChessBase"]
[SourceDate "2021.10.24"]
[SourceVersion "1"]
[SourceVersionDate "2021.10.24"]
[SourceQuality "1"]

1. e4 e5 2. f4 exf4 3. Bc4 d6 4. d4 g5 5. h4 g4 6. Bxf4 Be7 7. g3 Nc6 8. Ne2 h5 9. 0-0 Nf6 10. Nbc3 0-0 11. Bh6 Re8 12. Nf4 Bf8 13. Bg5 Bd7 14. Nxh5 1-0

[Event "FICGS rapid B 000037 email"]
[Site "FICGS email"]
[Date "2007.02.15"]
[Round "1"]
[White "Werbickas, Brian"]
[Black "Wosch, Arkadiusz Janusz"]
[Result "0-1"]
[WhiteElo "1700"]
[BlackElo "1500"]
[PlyCount "40"]
[EventDate "2007.??.??"]
[EventType "tourn (rapid)"]
[EventRounds "6"]
[SourceTitle "Corr 2022"]
[Source "ChessBase"]
[SourceDate "2021.10.24"]
[SourceVersion "1"]
[SourceVersionDate "2021.10.24"]
[SourceQuality "1"]

1. f4 d5 2. Nf3 Nf6 3. e3 g6 4. b3 Bg7 5. Bb2 0-0 6. Be2 c5 7. 0-0 Nc6 8. Bb5 Qc7 9. Bxc6 Qxc6 10. Ne5 Qe6 11. d3 Ng4 12. Qf3 Nxe5 13. fxe5 Bxe5 14. d4 cxd4 15. exd4 Bf6 16. Nd2 Qf5 17. Qc3 Qg4 18. Rae1 Bf5 19. h3 Qg5 20. Nf3 Qg3 0-1

[Event "FICGS W-ch st1 g26 email"]
[Site "FICGS email"]
[Date "2007.01.30"]
[Round "1"]
[White "Bleker, Frits"]
[Black "Werbickas, Brian"]
[Result "1-0"]
[WhiteElo "2144"]
[BlackElo "1700"]
[PlyCount "79"]
[EventDate "2007.??.??"]
[EventType "tourn (corr)"]
[EventRounds "8"]
[SourceTitle "Corr 2022"]
[Source "ChessBase"]
[SourceDate "2021.10.24"]
[SourceVersion "1"]
[SourceVersionDate "2021.10.24"]
[SourceQuality "1"]

1. Nf3 f5 2. g3 Nf6 3. Bg2 d6 4. d4 g6 5. 0-0 Bg7 6. c4 c6 7. Nc3 0-0 8. d5 e5 9. dxe6 Bxe6 10. Qd3 Na6 11. Ng5 Qe7 12. Bf4 Rad8 13. Rad1 Ne8 14. Qe3 Nac7 15. Nd5 cxd5 16. cxd5 Be5 17. Bxe5 dxe5 18. Nxe6 Nxe6 19. Qxe5 Qg7 20. Qxe6+ Rf7 21. Rd2 Qf8 22. d6 Rxd6 23. Rxd6 Nxd6 24. Rd1 Ne4 25. Bxe4 fxe4 26. Rd7 Kg7 27. Rxf7+ Qxf7 28. Qxf7+ Kxf7 29. f4 exf3 30. exf3 Ke6 31. Kf2 Kf5 32. Ke3 Ke5 33. g4 g5 34. f4+ gxf4+ 35. Kf3 h6 36. h3 a6 37. h4 a5 38. a4 h5 39. gxh5 Kf5 40. h6 1-0

[Event "FICGS W-ch st1 g26 email"]
[Site "FICGS email"]
[Date "2007.01.30"]
[Round "1"]
[White "Mackoy, Travis"]
[Black "Werbickas, Brian"]
[Result "1-0"]
[WhiteElo "1400"]
[BlackElo "1700"]
[PlyCount "25"]
[EventDate "2007.??.??"]
[EventType "tourn (corr)"]
[EventRounds "8"]
[SourceTitle "Corr 2022"]
[Source "ChessBase"]
[SourceDate "2021.10.24"]
[SourceVersion "1"]
[SourceVersionDate "2021.10.24"]
[SourceQuality "1"]

1. e4 e6 2. d4 d5 3. Nd2 c5 4. Ngf3 Nc6 5. exd5 Qxd5 6. Bc4 Qd6 7. Ne4 Qc7 8. dxc5 Bxc5 9. Nxc5 Qa5+ 10. c3 Qxc5 11. Qe2 h6 12. 0-0 Nf6 13. Rd1 1-0

[Event "FICGS rapid B 000032 email"]
[Site "FICGS email"]
[Date "2007.01.18"]
[Round "1"]
[White "Aldag, Benjamin"]
[Black "Werbickas, Brian"]
[Result "1-0"]
[WhiteElo "1443"]
[BlackElo "1700"]
[PlyCount "33"]
[EventDate "2007.??.??"]
[EventType "tourn (rapid)"]
[EventRounds "6"]
[SourceTitle "Corr 2022"]
[Source "ChessBase"]
[SourceDate "2021.10.24"]
[SourceVersion "1"]
[SourceVersionDate "2021.10.24"]
[SourceQuality "1"]

1. e4 e5 2. Nf3 f5 3. Nxe5 Qf6 4. Nc4 fxe4 5. Nc3 Qf7 6. Ne3 c6 7. d3 exd3 8. Bxd3 d5 9. 0-0 Be6 10. Re1 Ne7 11. Nc4 dxc4 12. Ne4 cxd3 13. Nd6+ Kd7 14. Nxf7 Bxf7 15. Qxd3+ Kc8 16. Bg5 Bg6 17. Qd6 1-0

[Event "FICGS rapid B 000032 email"]
[Site "FICGS email"]
[Date "2007.01.18"]
[Round "1"]
[White "Werbickas, Brian"]
[Black "Behrmann, Klaus"]
[Result "0-1"]
[WhiteElo "1700"]
[BlackElo "1775"]
[PlyCount "34"]
[EventDate "2007.??.??"]
[EventType "tourn (rapid)"]
[EventRounds "6"]
[SourceTitle "Corr 2022"]
[Source "ChessBase"]
[SourceDate "2021.10.24"]
[SourceVersion "1"]
[SourceVersionDate "2021.10.24"]
[SourceQuality "1"]

1. f4 e5 2. fxe5 d6 3. exd6 Bxd6 4. Nf3 Nf6 5. d4 0-0 6. Bg5 Re8 7. Qd3 Nc6 8. a3 h6 9. Bxf6 Qxf6 10. e4 Bg4 11. Nbd2 Bxf3 12. Nxf3 Rad8 13. Be2 Nxd4 14. Nxd4 Be5 15. Rf1 Qh4+ 16. g3 Qxh2 17. c3 Bxg3+ 0-1